| 000 | 00647nam a2200181Ia 4500 | ||
|---|---|---|---|
| 008 | 100920s9999 xx 000 0 und d | ||
| 082 |
_b63618 _a61 0 |
||
| 100 | _aकरंदीकर जनार्दन गंगाधर. | ||
| 245 | _aआद्य शंकराचार्य. | ||
| 260 |
_bसरोज साहित्य, पुणे. _c0 |
||
| 300 |
_a103 _bसाधी |
||
| 365 | _b2 | ||
| 520 | _aस्थानिक वाचन. | ||
| 630 | _aआद्य शंकराचार्य. | ||
| 650 | _aस्थानिक वाचन. | ||
| 730 | _aआद्य शंकराचार्य. | ||
| 942 | _cBOOK | ||
| 999 |
_c706698 _d706695 |
||